Mastering NetWare 5 / (Record no. 180132)

MARC details
000 -LEADER
fixed length control field 01179camaa22003491i 4500
001 - CONTROL NUMBER
control field 4510212
003 - CONTROL NUMBER IDENTIFIER
control field EG-GICUC
005 - DATE AND TIME OF LATEST TRANSACTION
control field 20260513144027.0
008 - FIXED-LENGTH DATA ELEMENTS--GENERAL INFORMATION
fixed length control field 990201s1999 caua jr 001 0 eng
020 ## - INTERNATIONAL STANDARD BOOK NUMBER
International Standard Book Number 078212268X
040 ## - CATALOGING SOURCE
Original cataloging agency DLC
Transcribing agency DLC
Modifying agency DLC
-- EG-GICUC
Language of cataloging eng
Description conventions rda
082 00 - DEWEY DECIMAL CLASSIFICATION NUMBER
Classification number 005.4/4769
Edition number 21
Item number G212
092 04 - LOCALLY ASSIGNED DEWEY CALL NUMBER (OCLC)
Edition number 21
Classification number 005.4/4769
Item number G212
099 ## - LOCAL FREE-TEXT CALL NUMBER (OCLC)
Classification number 005.4/4769 G212
100 1# - MAIN ENTRY--PERSONAL NAME
Personal name Gaskin, James E.
Relator term مؤلف.
245 10 - TITLE STATEMENT
Title Mastering NetWare 5 /
Statement of responsibility, etc. James E. Gaskin.
264 ## - PRODUCTION, PUBLICATION, DISTRIBUTION, MANUFACTURE, AND COPYRIGHT NOTICE
Place of production, publication, distribution, manufacture San Francisco :
Name of producer, publisher, distributor, manufacturer SYBEX,
Date of production, publication, distribution, manufacture, or copyright notice 1999.
300 ## - PHYSICAL DESCRIPTION
Extent xxxviii, 1562 p. :
Other physical details ilustration ;
Dimensions 24 cm.
336 ## - CONTENT TYPE
Content type term text
Content type code txt
Source rdacontent
337 ## - MEDIA TYPE
Media type term unmediated
Media type code n
Source rdamedia
338 ## - CARRIER TYPE
Carrier type term volume
Carrier type code nc
Source rdacarrier
500 ## - GENERAL NOTE
General note Includes index.
504 ## - BIBLIOGRAPHY, ETC. NOTE
Bibliography, etc. note Bibliography: pages 1266-1562.
541 ## - IMMEDIATE SOURCE OF ACQUISITION NOTE
Source of acquisition وزارة الثقافة ؛
Address القاهرة ؛
Method of acquisition إهداء ؛
Date of acquisition 2023.
630 00 - SUBJECT ADDED ENTRY--UNIFORM TITLE
Uniform title NetWare.
650 10 - SUBJECT ADDED ENTRY--TOPICAL TERM
Topical term or geographic name entry element Operating systems (Computers)
650 10 - SUBJECT ADDED ENTRY--TOPICAL TERM
Topical term or geographic name entry element Intranets (Computer networks)
856 42 - ELECTRONIC LOCATION AND ACCESS
Materials specified Publisher description
Uniform Resource Identifier <a href="http://www.loc.gov/catdir/enhancements/fy0602/98086253-d.html">http://www.loc.gov/catdir/enhancements/fy0602/98086253-d.html</a>
905 ## - Cataloger and Reviser Names
Cataloger Name Samah
906 ## - LOCAL DATA ELEMENT F, LDF (RLIN)
a 7
b cbc
c orignew
d 2
e opcn
f 19
g y-gencatlg
942 ## - ADDED ENTRY ELEMENTS (KOHA)
Source of classification or shelving scheme Dewey Decimal Classification
Koha item type Books
Edition 21
Suppress in OPAC No
Holdings
Withdrawn status Lost status Source of classification or shelving scheme Damaged status Not for loan Home library Current library Date acquired Inventory number Total checkouts Full call number Barcode Date last seen Price effective from Koha item type
    Dewey Decimal Classification   Not for loan مكتبة جامعة القاهرة الاهلية قاعة الهندسة 13.05.2026 15   005.4/4769 G212 02010001500000 13.05.2026 13.05.2026 Books
Cairo University Libraries Portal Implemented & Customized by: Eng. M. Mohamady Contacts: new-lib@cl.cu.edu.eg | cnul@cl.cu.edu.eg
CUCL logo CNUL logo
© All rights reserved — Cairo University Libraries
CUCL logo
Implemented & Customized by: Eng. M. Mohamady Contact: new-lib@cl.cu.edu.eg © All rights reserved — New Central Library
CNUL logo
Implemented & Customized by: Eng. M. Mohamady Contact: cnul@cl.cu.edu.eg © All rights reserved — Cairo National University Library